00000000nas 2200000zi 4500
0019.949949
003CaOODSP
00520250410151557
006m     o  d f      
007cr cn ||||||||
008250409d19811993oncar p o    f0    0eng|d
040 |aCaOODSP|beng|erda|cCaOODSP
0410 |aeng|afre
043 |an-cn---
0861 |aNR1-1-PDF
1102 |aNational Research Council Canada.|eauthor, |eissuing body.
24510|aAnnual report.
24615|aRapport annuel
2461 |iIssues for 1983/1984-1988/1989 have title: |aNRC annual report
2463 |aNational Research Council annual report
264 1|aOttawa, Ont. : |bNational Research Council of Canada, |c[1981-1993]
310 |aAnnual
336 |atext|btxt|2rdacontent
337 |acomputer|bc|2rdamedia
338 |aonline resource|bcr|2rdacarrier
3621 |aBegan with: 1980/1981; ceased with: 1992/1993.
546 |aText in English and French.
588 |aDescription based on: 1980/1981; title from PDF title page.
588 |aLatest issue consulted: 1992/1993.
61020|aNational Research Council Canada|vPeriodicals.
650 0|aResearch|zCanada|vPeriodicals.
650 0|aResearch, Industrial|zCanada|vPeriodicals.
655 7|aPeriodicals|2lcgft
78000|tReport of the President / |w(CaOODSP)9.944959
78500|tReport to Parliament / |w(CaOODSP)9.949961
788 |tAnnual report.|efre|w(CaOODSP)9.949948